Unofficial Football World Champions - Statistics

General Stats
  • This quiz has been taken 52 times
    11 since last reset
  • The average score is 25 of 32
Answer Stats
Number of Titles Answer % Correct
70* Argentina
100%
73 England
100%
33 France
100%
31 Germany
100%
45 Italy
100%
11 Japan
100%
41 Russia
100%
18 Spain
100%
12 Austria
89%
38 Brazil
89%
21 Chile
89%
9 Colombia
89%
15 Czech Republic
89%
6 Denmark
89%
8 Paraguay
89%
86 Scotland
89%
28 Sweden
89%
26 Uruguay
89%
12 Wales
89%
11 Greece
78%
17 Hungary
78%
14 Peru
78%
10 Switzerland
78%
8 Bolivia
67%
6 Bulgaria
67%
58 Netherlands
67%
8 Romania
67%
8 Costa Rica
44%
7 Angola
22%
7 Zimbabwe
22%
11 Crotia
11%
10 North Korea
11%
No matching quizzes found
Score Distribution
Percent of People with Each Score
Percentile by Number Answered
Your Score History
You have not taken this quiz since the last reset